Coping with the Unseen Environment / An Introduction to the Vocational Rehabilitation of Blind Persons (Record no. 4048)
[ view plain ]
| 000 -LEADER | |
|---|---|
| fixed length control field | 01537cam a22001934a 4500 |
| 005 - ΗΜΕΡΟΜΗΝΙΑ ΚΑΙ ΩΡΑ ΤΕΛΕΥΤΑΙΑΣ ΕΝΗΜΕΡΩΣΗΣ | |
| Πεδίο ελέγχου | 20250605164135.0 |
| 008 - FIXED-LENGTH DATA ELEMENTS--GENERAL INFORMATION | |
| Πεδίο ελέγχου σταθερού μήκους | 250528s ||||||||||||||||||||||||d |
| 035 ## - SYSTEM CONTROL NUMBER | |
| System control number | 18726 |
| 020 ## - ISBN | |
| ISBN | 71154476 |
| 040 ## - ΠΗΓΗ ΚΑΤΑΛΟΓΟΓΡΑΦΗΣΗΣ | |
| Φορέας πρωτότυπης καταλογογράφησης | MC Athens Campus Library |
| Γλώσσα καταλογογράφησης | Ελληνικά, Μοντέρνα (1453-) |
| Modifying agency | MC Athens Campus Library |
| Κανόνες περιγραφικής καταλογογράφησης | AACR2 |
| 245 1# - ΤΙΤΛΟΣ ΚΑΙ ΔΗΛΩΣΗ ΥΠΕΥΘΥΝΟΤΗΤΑΣ | |
| Τίτλος | Coping with the Unseen Environment / An Introduction to the Vocational Rehabilitation of Blind Persons |
| 260 ## - PUBLICATION, DISTRIBUTION, ETC. | |
| Name of publisher, distributor, etc. | Teachers College Press, |
| Date of publication, distribution, etc. | 1972 |
| 300 ## - PHYSICAL DESCRIPTION | |
| Extent | 366 |
| 520 ## - SUMMARY, ETC. | |
| Summary, etc. | Foreword, Preface, Vocational Rehabilitation Problems and Possibilities for Blind Persons, An Overview of the Problem of Blindness, Vision Problems and Vision Restoration, Attitudes Toward Blindness, Psychological Consequences of Blindness, Social Provisions for Blind Persons, Occupational Opportunities, The Vocational Rehabilitation Process for Blind Persons, Vocational Rehabilitation for Blind Persons, Vicational Diagnosis and Psychological Tests, Interdisciplinary Evaluation and Training in a Rehabilitation Facility, Vocational Counselling for the Blind, Vocational Training, Vocational Placement, Special Vocational Rehabilitation Service Considerations in Serving the Blind, Sheltered and Semi-Sheltered Employment Situations for the Blind, Vocational Rehabilitation Services for Blind Persons with Additional Disabilities, The Rehabilitation Disciplines that Have a Special Role in Service to Blind Persons, Toward Imroved Vocational Rehabilitation for Blind Persons, References, Index. |
| 700 1# - ΠΡΟΣΘΕΤΗ ΑΝΑΓΡΑΦΗ--ΦΥΣΙΚΟ ΠΡΟΣΩΠΟ | |
| Personal name | Rusalem Herbert |
| 9 (RLIN) | 4978 |
| 942 ## - ADDED ENTRY ELEMENTS (KOHA) | |
| Koha item type | Books |
| Τύπος τεκμηρίου | Βιβλιοθήκη | Τρέχουσα τοποθεσία | Barcode | Αριθμός εισαγωγής | Ημερομηνία απόκτησης | Ταξιθετικό σύμβολο | Αριθμός αντιτύπου | Κατάσταση απόσυρσης | Κατάσταση χαμένου | Κατάσταση κατεστραμμένου | Μη δανεισμός | Σύνολο δανεισμών | Ημερομηνία τελευταίας εμφάνισης | Η τιμή ισχύει από |
|---|---|---|---|---|---|---|---|---|---|---|---|---|---|---|
| Books | MC Athens Campus Library | MC Athens Campus Library | 9780000040473 | 3635 | 05/06/2025 | 331.2/5923 RUS | 1 | 05/06/2025 | 05/06/2025 |